000 00831nam a2200229Ii 4500
003 JO-AjNU
008 230605s9999||||xx |||||||||||||| ||und||
017 _a2002/5312
020 _a9959-29-130-8
040 _aJO-AjNU
_bara
_erda
_cJO-AjNU
041 _aara
050 1 4 _aDT223.8 M8.Z3 2004
100 3 _aبقلم الزاوي، احمد,
_eauthor
_939146
245 0 0 _aعمر المختار الحلقة الأخيرة من الجهاد الوطني في ليبيا
250 _aط2
264 3 1 _aبنغازي: دار الكتب الوطنية، 2004
300 _a192ص
336 _atext
_btxt
_2rdacontent
337 _aunmediated
_bn
_2rdamedia
338 _avolume
_bnc
_2rdacarrier
650 4 _aليبيا-عمر المختار-عمر بن مختاربن عمر المنفي 1275-1350هجري-تاريخ
_939147
999 _aA16508
_c20076
_d20076